Fr. Conceicao Rodrigues College of Engineering

Fundamentals of geographic information systems (Record no. 31425)

MARC details
000 -LEADER
fixed length control field 00413nam a2200181Ia 4500
082 ## - DEWEY DECIMAL CLASSIFICATION NUMBER
Classification number 658.4038
Item number DEM
100 ## - MAIN ENTRY--PERSONAL NAME
Personal name Demers/Michael N
250 ## - EDITION STATEMENT
Edition statement 4
245 ## - TITLE STATEMENT
Title Fundamentals of geographic information systems
260 ## - PUBLICATION, DISTRIBUTION, ETC.
Name of publisher, distributor, etc. Wiley India
Date of publication, distribution, etc. 2009
366 ## - TRADE AVAILABILITY INFORMATION
Publishers's discount category 27
300 ## - PHYSICAL DESCRIPTION
Extent 443
546 ## - LANGUAGE NOTE
Language note ENGLISH
-- electronics
650 ## - SUBJECT ADDED ENTRY--TOPICAL TERM
Topical term or geographic name entry element GIS
654 ## - SUBJECT ADDED ENTRY--FACETED TOPICAL TERMS
Focus term Geographic information system
942 ## - ADDED ENTRY ELEMENTS (KOHA)
Koha item type BOOK
Holdings
Withdrawn status Lost status Damaged status Not for loan Collection Home library Current library Date acquired Source of acquisition Cost, normal purchase price Inventory number Total Checkouts Full call number Barcode Date last seen Cost, replacement price Price effective from Koha item type
        CRC Fr. Agnel's C.Rodrigues College of Engineering Fr. Agnel's C.Rodrigues College of Engineering 17/03/2023 Allied Publishers 444.57 1037 dt 03.11.2015   658.4038 DEM 23858 17/03/2023 609.00   BOOK
        CRC Fr. Agnel's C.Rodrigues College of Engineering Fr. Agnel's C.Rodrigues College of Engineering 17/03/2023 Allied Publishers 444.57 1037 dt 03.11.2015   658.4038 DEM 23859 17/03/2023 609.00   BOOK